| 000 | 00735nam a2200229 a 4500 | ||
|---|---|---|---|
| 001 | 000025892 | ||
| 003 | DO-SdBNP | ||
| 005 | 20240216091444.0 | ||
| 008 | 110224s1983 dr 000 0 spa d | ||
| 040 |
_aDO-SdBNP _bspa _cBNPHU _erda |
||
| 082 |
_bC669 _222 |
||
| 245 | 1 | 0 | _aCódigo de ética del profesional del derecho. |
| 260 | _bFundación Institucionalidad y Justicia, | ||
| 264 |
_aSanto Domingo : _bColegio de abogados de la República ; _bFundación Institucionalidad y Justicia, _c[1983?]. |
||
| 300 |
_a26 paginas ; _c22 cm. |
||
| 336 |
_2rdacontent _atexto _btxt |
||
| 337 |
_2rdamedia _asin mediacián _bn |
||
| 338 |
_2rdacarrier _avolumen _bnc |
||
| 590 | _aInventariado, 2024 / DG | ||
| 910 | _aDG | ||
| 942 |
_2ddc _cLF2 |
||
| 999 |
_c25384 _d25384 |
||